<?xml version="1.0" encoding="UTF-8"?>
<record
    xmlns:xsi="http://www.w3.org/2001/XMLSchema-instance"
    xsi:schemaLocation="http://www.loc.gov/MARC21/slim http://www.loc.gov/standards/marcxml/schema/MARC21slim.xsd"
    xmlns="http://www.loc.gov/MARC21/slim">

  <leader>01805nam a22002657a 4500</leader>
  <controlfield tag="003">St Aloysius Coll</controlfield>
  <controlfield tag="005">20260305195530.0</controlfield>
  <controlfield tag="008">260303b        |||||||| |||| 00| 0 eng d</controlfield>
  <datafield tag="020" ind1=" " ind2=" ">
    <subfield code="a">9781292726120</subfield>
  </datafield>
  <datafield tag="040" ind1=" " ind2=" ">
    <subfield code="c">AL</subfield>
  </datafield>
  <datafield tag="041" ind1=" " ind2=" ">
    <subfield code="a">English</subfield>
  </datafield>
  <datafield tag="082" ind1=" " ind2=" ">
    <subfield code="a">500</subfield>
    <subfield code="b">HEWC</subfield>
  </datafield>
  <datafield tag="100" ind1=" " ind2=" ">
    <subfield code="a">Paul G Hewitt</subfield>
    <subfield code="9">257559</subfield>
  </datafield>
  <datafield tag="245" ind1=" " ind2=" ">
    <subfield code="a">Conceptual integrated science</subfield>
  </datafield>
  <datafield tag="250" ind1=" " ind2=" ">
    <subfield code="a">3</subfield>
  </datafield>
  <datafield tag="260" ind1=" " ind2=" ">
    <subfield code="a">UK</subfield>
    <subfield code="b">Pearson</subfield>
    <subfield code="c">2023</subfield>
  </datafield>
  <datafield tag="300" ind1=" " ind2=" ">
    <subfield code="a">1008p.</subfield>
    <subfield code="b">PB</subfield>
    <subfield code="c">27.5x21.5cm</subfield>
  </datafield>
  <datafield tag="365" ind1=" " ind2=" ">
    <subfield code="2">General</subfield>
    <subfield code="a">6261</subfield>
    <subfield code="b">&#x20B9;6449.00</subfield>
    <subfield code="c">&#x20B9;</subfield>
    <subfield code="d">&#x20B9;8269.00</subfield>
    <subfield code="e">22%</subfield>
    <subfield code="f">23/02/2026</subfield>
  </datafield>
  <datafield tag="520" ind1=" " ind2=" ">
    <subfield code="a">Thebest-selling Conceptual Integrated Science provides an engaging overview of physics, chemistry, earth science, astronomy, and biology at a level appropriate for non-science students. Hewitt''s engaging narrative emphasizes unifying concepts across physical and life sciences through a clear, friendly writing style, and fun, relevant examples that motivate students.

The 3rd Edition expands on its theme of integration and deepens connections between the sciences with new Integrated Science spreads added at the end of each part. Modern references in the updated Technology boxes and new contemporary applications add relevance and help to connect science with students'' everyday lives. Enhanced End-of-Chapter problems engage students with interactive digital features accessible in the Pearson text and guide them with wrong-answer feedback, where and when they need it. The text features Hewit's video tutorials that play inline, new Check Yourself from the text presented as a hide/reveal interactive feature, and multiple-choice quizzes at the end of each chapter.</subfield>
  </datafield>
  <datafield tag="650" ind1=" " ind2=" ">
    <subfield code="2">Science</subfield>
    <subfield code="a">Integrated Science</subfield>
    <subfield code="9">257560</subfield>
  </datafield>
  <datafield tag="700" ind1=" " ind2=" ">
    <subfield code="a">Lyons, Suzanne</subfield>
    <subfield code="9">257561</subfield>
  </datafield>
  <datafield tag="700" ind1=" " ind2=" ">
    <subfield code="a">Suchocki, John</subfield>
    <subfield code="9">257562</subfield>
  </datafield>
  <datafield tag="700" ind1=" " ind2=" ">
    <subfield code="a">Yeh, Jennifer</subfield>
    <subfield code="9">257563</subfield>
  </datafield>
  <datafield tag="942" ind1=" " ind2=" ">
    <subfield code="2">ddc</subfield>
    <subfield code="c">BK</subfield>
  </datafield>
  <datafield tag="999" ind1=" " ind2=" ">
    <subfield code="c">240994</subfield>
    <subfield code="d">240994</subfield>
  </datafield>
  <datafield tag="952" ind1=" " ind2=" ">
    <subfield code="0">0</subfield>
    <subfield code="1">0</subfield>
    <subfield code="2">ddc</subfield>
    <subfield code="4">0</subfield>
    <subfield code="7">0</subfield>
    <subfield code="8">PHY</subfield>
    <subfield code="a">SACPG</subfield>
    <subfield code="b">SACPG</subfield>
    <subfield code="d">2026-02-26</subfield>
    <subfield code="e">Biblios Book Point</subfield>
    <subfield code="g">6449.00</subfield>
    <subfield code="l">0</subfield>
    <subfield code="o">500 HEWC</subfield>
    <subfield code="p">PG025213</subfield>
    <subfield code="r">2026-03-03 16:18:10</subfield>
    <subfield code="v">8269.00</subfield>
    <subfield code="w">0000-00-00</subfield>
    <subfield code="y">BK</subfield>
  </datafield>
</record>
